000 00764nam a2200253 a 4500
001 53710
003 BD-RjUL
005 20211209080016.0
008 161024s1981 ii ||||| |||| 00| 0 eng d
020 _c: IRs 27.50
035 _a(BD-RjUL)53832
040 _aBD-RjUL
_beng
_cBD-RjUL
041 _aeng
082 _223
_a621.38153
_bSIA 1981
100 1 _aSingh, Anokh
_9160497
245 1 0 _aApplied electronics and circuit design principles /
_cAnokh Singh
260 _aDelhi :
_bKhanna Publishers,
_c1981.
300 _aiv, 638 p. :
_bill. ;
_c22 cm
500 _aIncludes Index
650 _aElectronic circuit design
_9117196
650 _aElectronics
_9160498
650 _aLinear integrated circuits--Design and construction
_9160499
942 _2ddc
_cBK
999 _c53710
_d53710